| 000 | 00681nam a2200133Ia 4500 | ||
|---|---|---|---|
| 008 | 220620s9999||||xx |||||||||||||| ||und|| | ||
| 020 | _a9782890000000 | ||
| 245 | 0 | _aOvercoming Inequalities in Schools and Learning Communities: Innovative Education for a New Century | |
| 546 | _aEnglish[eng] | ||
| 650 | _aeducational inequalities||learning communities||vulnerable populations||diversity||school-community-based research | ||
| 700 | _aGarcia-Carrion, Rocio||Rodrigues De Mello, Roseli||Ball, Arnetha F. | ||
| 856 | _uhttps://www.frontiersin.org/research-topics/6750/overcoming-inequalities-in-schools-and-learning-communities-innovative-education-for-a-new-century | ||
| 942 | _cEB | ||
| 999 |
_c29665 _d29665 |
||